Applications in computing for social anthropologists

Saved in:
Bibliographic Details
Main Author: Fischer, Michael D.
Format: Book
Language:English
Published: London; New York : Routledge, 1994
Series:ASA research methods in social anthropology
Subjects:
Tags: Add Tag
No Tags, Be the first to tag this record!

MARC

LEADER 00000nam a2200000 i 4500
001 1/95446
008 941101s1994 eng d
020 |a 0-415-01819-6 
035 |l 10009745 
040 |a GR-MY-UA  |b gre  |e aacr 
041 0 |a eng 
082 0 |a 306.0285 
100 1 |a Fischer, Michael D. 
245 1 0 |a Applications in computing for social anthropologists /  |c Michael D. Fischer 
260 |a London; New York :   |b Routledge,   |c 1994 
300 |a 233 p. 
490 1 |a ASA research methods in social anthropology 
504 |a Includes bibliographical references 
650 0 0 |a Ethnology  |x Data processing. 
650 0 0 |a Ethnology  |x Mathematical models. 
830 0 |a ASA research methods in social anthropology 
852 |a INST  |b LESVOS  |e 19941101  |h 306.0285 FIS  |p 005100002518  |q 005100002518  |t BK  |y 0 
909 |a Λ  |b 037811 
950 |a 011-1994-08-31